[Event "San Salvador zt"]
[Site "San Salvador"]
[Date "1995.??.??"]
[Round "?"]
[White "Davila, Carlos"]
[Black "Rohl, Juan"]
[Result "0-1"]
[WhiteElo "2310"]
[BlackElo "2325"]

1.e4 c5 2.Nf3 Nc6 3.Bb5 g6 4.Bxc6 dxc6 5.h3 e5 6.d3 f6 7.Be3 Nh6 8.Nbd2 Qe7
9.O-O Bg7 10.c3 Nf7 11.d4 cxd4 12.cxd4 Be6 13.a3 O-O 14.b4 Rfd8 15.dxe5 fxe5
16.Qc2 Qf6 17.Nh2 h5 18.Nc4 g5 19.Na5 Rdb8 20.Rac1 g4 21.hxg4 hxg4 22.g3 Bh6
23.Rfe1 Kg7 24.Qe2 Bxe3 25.Qxe3 Rh8 26.Nxb7 Rh3 27.f4 gxf3 28.Qxf3 Qg6 29.Kg2 Rah8
30.Nf1 Bg4 31.Qe3 Qh5 32.Qg1 Rh1 33.Qxa7 Qh2+  0-1

[Event "San Salvador zt"]
[Site "San Salvador"]
[Date "1995.??.??"]
[Round "?"]
[White "Davila, Carlos"]
[Black "Hernandez, Gilberto"]
[Result "0-1"]
[WhiteElo "2310"]
[BlackElo "2525"]

1.e4 c5 2.Nf3 Nc6 3.Bb5 e6 4.O-O Nge7 5.c3 a6 6.Ba4 c4 7.d4 cxd3 8.Qxd3 Qc7
9.Rd1 Ng6 10.Bxc6 bxc6 11.c4 Be7 12.Nc3 c5 13.b3 Bb7 14.Bb2 Rd8 15.Ne1 O-O
16.Qg3 Qc6 17.Nd3 f5 18.f3 Bh4 19.Qh3 Bf6 20.exf5 Bd4+ 21.Kh1 Rxf5 22.Nd5 Bxb2
23.Nxb2 Rdf8 24.Ne3 Rxf3 25.gxf3 Rxf3 26.Qg2 Nh4 27.Nd5 exd5 28.cxd5 Nxg2
29.dxc6 Bxc6 30.Rd6 Nf4 31.Rxc6 dxc6 32.Rc1 Rf2 33.Na4 c4 34.bxc4 Rxa2 35.Nc5 a5
36.Rf1 Ng6 37.Nb7 a4 38.Nd8 a3  0-1

[Event "San Salvador zt"]
[Site "San Salvador"]
[Date "1995.??.??"]
[Round "?"]
[White "Rohl, Juan"]
[Black "Pazos, Plinio"]
[Result "1-0"]
[WhiteElo "2325"]
[BlackElo "2310"]

1.e4 c5 2.Nf3 Nc6 3.Bb5 d6 4.O-O Bd7 5.Re1 g6 6.c3 Bg7 7.d4 Nf6 8.h3 O-O
9.a4 Rc8 10.Bg5 h6 11.Bxf6 Bxf6 12.d5 Ne5 13.Nxe5 Bxe5 14.Nd2 Bg7 15.Nc4 Bxh3
16.gxh3 a6 17.Re3 axb5 18.axb5 Ra8 19.Rxa8 Qxa8 20.f4 Qa2 21.b3 Ra8 22.e5 Bf8
23.Re1 Qa7 24.Qd3 Qb8 25.f5 Kh7 26.exd6 exd6 27.fxg6+ fxg6 28.Re6 Qd8 29.Qxg6+ Kh8
30.Nxd6 Ra1+ 31.Kg2 Ra2+ 32.Kf3 Bxd6 33.Re8+  1-0

[Event "San Sebastian op"]
[Site "San Sebastian"]
[Date "1995.??.??"]
[Round "4"]
[White "Olaizola Ortega, Luis"]
[Black "Acosta Garcia, Alfonso Carlos"]
[Result "1/2-1/2"]
[WhiteElo "2350"]
[BlackElo "2270"]

1.e4 c5 2.Nf3 Nc6 3.Bb5 g6 4.O-O Bg7 5.Re1 e5 6.c3 Nge7 7.d3 a6 8.Bxc6 Nxc6
9.Be3 d6 10.d4 b6 11.dxe5 dxe5 12.Qxd8+ Nxd8 13.Na3 Be6 14.Ng5 Ke7 15.Nxe6 Nxe6
16.Rad1 b5 17.Rd5 Rac8 18.Red1 Rhd8 19.f3 Rxd5 20.Rxd5 Rd8 21.Nc2 f6 22.Kf1 Bf8
23.Ne1 Ke8 24.Nd3 c4 25.Rxd8+ Kxd8 26.Ne1 Kc7  1/2-1/2

[Event "Santa Cruz de la Palma op"]
[Site "Santa Cruz"]
[Date "1995.??.??"]
[Round "?"]
[White "Reyes, Juan"]
[Black "Kurajica, Bojan"]
[Result "0-1"]
[WhiteElo "2430"]
[BlackElo "2585"]

1.e4 c5 2.Nf3 Nc6 3.Bb5 e6 4.O-O Nge7 5.b3 Nd4 6.Nxd4 cxd4 7.Bb2 a6 8.Bd3 Nc6
9.c3 Ne5 10.Qe2 dxc3 11.Nxc3 Be7 12.Bb1 Nc6 13.e5 d6 14.exd6 Bxd6 15.f4 Bc5+
16.Kh1 Bd4 17.Rf3 Bf6 18.Rh3 Bd7 19.Be4 g6 20.Rf1 Qe7 21.d3 O-O-O 22.Na4 Nd4
23.Nb6+ Kb8 24.Qf2 Bb5 25.Nc4 Bxc4 26.bxc4 Rd7 27.Rb1 Bg7 28.Re3 Rc8 29.Ree1 Rcc7
30.Bc3 f5 31.Bd5 Rxd5 32.cxd5 Rxc3 33.dxe6 Rc2 34.Qg3 Rc6 35.Qf2 Rxe6 36.Rxe6 Qxe6
37.Qb2 Qd7 38.Qb6 Nb5 39.Re1 Bd4 40.Qe6 Qc7 41.g3 Nc3 42.Kg2 Ka7 43.Kh3 Qg7
44.Qe8 Bc5 45.Qc8 Qd4 46.Re8 Nb5 47.a4 Nd6 48.Qb8+ Kb6 49.Qd8+ Kc6 50.Re7 Bb6
51.Qd7+ Kc5 52.Re1 Kb4 53.Qxh7 Qxd3 54.Qxg6 Bc5 55.Qg7 Ka5 56.Qb2 b6 57.Re5 Nc4  0-1

[Event "Santiago op"]
[Site "Santiago"]
[Date "1995.??.??"]
[Round "?"]
[White "Ruiz, Jose Hervas"]
[Black "Reinaldo Castineira, Roi"]
[Result "0-1"]
[WhiteElo "2250"]
[BlackElo "2205"]

1.e4 c5 2.Nf3 Nc6 3.Bb5 d6 4.d4 cxd4 5.Qxd4 Bd7 6.Bxc6 Bxc6 7.Nc3 Nf6 8.Bg5 e6
9.O-O-O Be7 10.Rhe1 O-O 11.e5 dxe5 12.Qh4 Qc7 13.Nxe5 Rfd8 14.Ng4 Nxg4 15.Bxe7 Rxd1+
16.Rxd1 Qf4+ 17.Kb1 Qf5 18.f3 Ne3 19.Rd2 Nd5 20.Nxd5 Bxd5 21.Qd4 h6 22.b3 b5
23.Kb2 a5 24.h4 Rc8 25.a4 b4 26.Bd6 Rc6 27.Be5 f6 28.Bg3 Qg6 29.Bh2 Qf7 30.Qd3 Qa7
31.Qd4 Qa6 32.Qd3 Qb6 33.Qd4 Qb7 34.Bg1 Qc7 35.f4 f5 36.Qe5 Qxe5+ 37.fxe5 Kf7
38.h5 g6 39.hxg6+ Kxg6 40.Bd4 f4 41.Rf2 Kg5 42.c4 bxc3+ 43.Bxc3 Rb6 44.b4 axb4
45.Bd2 Kf5 46.Bxf4 Ra6 47.Bd2+ Kxe5 48.Bxb4 Rxa4 49.Bc3+ Kd6 50.Rf6 h5 51.Rh6 Rh4
52.g3 Rh2+ 53.Kc1 Bf3 54.Rf6 Bg4 55.Rf1 Rg2 56.Re1 Kd5 57.Be5 Be2 58.Bf4 e5
59.Bxe5 Kxe5 60.Kd2 Ke4 61.Rxe2+ Kf3  0-1

[Event "Santiago op"]
[Site "Santiago"]
[Date "1995.??.??"]
[Round "?"]
[White "Damaso, Rui"]
[Black "Frois, Antonio"]
[Result "1/2-1/2"]
[WhiteElo "2415"]
[BlackElo "2365"]

1.e4 c5 2.Nf3 Nc6 3.Bb5 g6 4.O-O Bg7 5.c3 Nf6 6.e5 Nd5 7.d4 cxd4 8.cxd4 O-O
9.Nc3 Nxc3 10.bxc3 d6 11.exd6 Qxd6 12.a4 a6 13.Ba3 Qc7 14.Bxc6 bxc6 15.Re1 Re8
16.Qd3 Bg4 17.Ne5 Be6 18.a5 Rad8 19.Qe3 Rd5 20.Bc5 Bxe5 21.dxe5 Qd8 22.h4 h5
23.c4 Rd7 24.Qe4 Rf8 25.Bb6 Qc8 26.Ra3 c5 27.Rg3 Rd4 28.Qe3  1/2-1/2

[Event "Santiago op"]
[Site "Santiago"]
[Date "1995.??.??"]
[Round "?"]
[White "Damaso, Rui"]
[Black "Caselas, Jacobo"]
[Result "1-0"]
[WhiteElo "2415"]
[BlackElo "2315"]

1.e4 c5 2.Nf3 Nc6 3.Bb5 Na5 4.c3 a6 5.Be2 d6 6.d4 Qc7 7.O-O e5 8.b4 cxb4
9.cxb4 Nc6 10.Nc3 Nf6 11.Be3 Be7 12.Rc1 Qd8 13.d5 Nb8 14.Nd2 O-O 15.Nc4 Nfd7
16.a4 b6 17.Qd2 Re8 18.Rc2 Bb7 19.a5 b5 20.Nb6 Nxb6 21.Bxb6 Qd7 22.Nxb5 axb5
23.Rc7 Ba6 24.Rxd7 Nxd7 25.Be3 Nf6 26.f3 Rec8 27.Rc1 Ne8 28.Rc6 Rxc6 29.dxc6 Rc8
30.Qc1 Nf6 31.Qf1  1-0

[Event "Santiago op"]
[Site "Santiago"]
[Date "1995.??.??"]
[Round "?"]
[White "Campora, Daniel H"]
[Black "Estremera Panos, Sergio"]
[Result "1-0"]
[WhiteElo "2525"]
[BlackElo "2350"]

1.e4 c5 2.Nf3 Nc6 3.Bb5 g6 4.O-O Bg7 5.Bxc6 dxc6 6.d3 e5 7.Nbd2 Qe7 8.Re1 Nf6
9.Nc4 Nd7 10.c3 O-O 11.a4 Rd8 12.a5 Nf8 13.b3 Rb8 14.h3 Qc7 15.Qc2 Ne6 16.Be3 b5
17.Ncd2 Qd6 18.Rad1 Qxd3 19.Qc1 Qd6 20.Nc4 Qc7 21.Rxd8+ Nxd8 22.Ncxe5 Ne6
23.Ng4 h5 24.Nh6+ Kh7 25.Nf5 Bf8 26.g4 gxf5 27.gxf5 Be7 28.Kh1 Bd7 29.fxe6 Bxe6
30.Bf4 Qc8 31.Bxb8 Qxb8 32.Ng5+  1-0

[Event "Sao Paulo zt"]
[Site "Sao Paulo"]
[Date "1995.??.??"]
[Round "1"]
[White "Pelikian, Jefferson"]
[Black "Lima, Darcy"]
[Result "0-1"]
[WhiteElo "2335"]
[BlackElo "2505"]

1.e4 c5 2.Nf3 Nc6 3.Bb5 e6 4.O-O Nge7 5.Re1 Nd4 6.Bf1 Nec6 7.Nxd4 cxd4 8.c3 Bc5
9.d3 O-O 10.Nd2 d5 11.Nb3 Bb6 12.cxd4 Nxd4 13.Be3 Nc6 14.Bxb6 Qxb6 15.Rc1 a5
16.Qd2 Nb4 17.Qe3 Qxe3 18.fxe3 a4 19.Nd4 Nxa2 20.Rc5 b6 21.Rc7 Nb4 22.Ra1 Rd8
23.e5 Bd7 24.Rac1 Na6 25.Rb7 Rab8 26.Rxb8 Rxb8 27.Nc6 Bxc6 28.Rxc6 Nb4 29.Rc7 d4
30.Rc4 Nd5 31.e4 b5 32.Rxd4 Ne7 33.Rd7 Nc6 34.d4 b4 35.Rd6 Rc8 36.Ba6 a3
37.bxa3 bxa3 38.Bxc8 a2 39.Rxc6 a1=Q+ 40.Kf2 Qxd4+ 41.Kf3 Qxe5 42.Ba6 g5
43.Rc8+ Kg7 44.g3 g4+ 45.Kxg4 Qxe4+ 46.Kh3 Qf5+ 47.Kg2 Qd5+ 48.Kh3 e5 49.g4 Qe6
50.Ra8 Qc6  0-1

[Event "Sao Paulo op"]
[Site "Sao Paulo"]
[Date "1995.??.??"]
[Round "4"]
[White "Araujo, Adalberto"]
[Black "Chemin, Vitorio"]
[Result "0-1"]
[WhiteElo "2290"]
[BlackElo "2250"]

1.e4 c5 2.Nf3 Nc6 3.Bb5 e6 4.O-O Nge7 5.Re1 a6 6.Bf1 d5 7.d3 d4 8.Nbd2 Ng6
9.a4 Be7 10.Nc4 b6 11.g3 O-O 12.h4 f6 13.Bh3 Rb8 14.Bd2 e5 15.Bxc8 Qxc8 16.Kg2 Qg4
17.h5 Qxh5 18.c3 f5 19.Qb3 fxe4 20.Nfxe5 Ngxe5 21.Nxe5+ Kh8 22.Nxc6 Rxf2+
23.Kxf2 Qh2+ 24.Kf1 Rf8+ 25.Bf4 e3 26.Qc2 Rxf4+ 27.gxf4 e2+ 28.Rxe2 Qh1+
29.Kf2 Bh4+  0-1

[Event "Sao Paulo zt"]
[Site "Sao Paulo"]
[Date "1995.??.??"]
[Round "6"]
[White "Matsuura, Everaldo"]
[Black "Milos, Gilberto"]
[Result "1/2-1/2"]
[WhiteElo "2370"]
[BlackElo "2560"]

1.e4 c5 2.Nf3 Nc6 3.Bb5 Qb6 4.a4 a6 5.Bxc6 Qxc6 6.Nc3 e6 7.O-O Qc7 8.d4 cxd4
9.Qxd4 Ne7 10.Be3 Nc6 11.Qb6 Qxb6 12.Bxb6 Be7 13.Rad1 Bd8 14.Bxd8 Kxd8 15.e5 Ke7
16.Ne4 b6 17.Nd6 Rb8 18.Rfe1 Bb7 19.Nd4 Ba8 20.Nxc6+ Bxc6 21.b3 f6 22.f4 Rhg8
23.Re3 f5 24.h4 g6 25.Kf2 h6 26.Rg3 Rg7 27.Rh1 Rbg8 28.Ke3 Kd8 29.Rh2 Kc7
30.Kf2 Kb8 31.Rhh3 Ka7 32.Rh2 Ka8 33.Rhh3 Kb8 34.Rh2 Ka7 35.Rhh3 a5 36.Rh2 g5
37.hxg5 hxg5 38.Rxg5 Rxg5 39.fxg5 Rxg5 40.g3 Rg8 41.Rh4 Ka6 42.Rd4 Rg7 43.Rf4 Rg5
44.Rc4 Ka7 45.Nf7 Rg8 46.Nd6 Kb8 47.Rf4 Bd5 48.Rh4 Kc7 49.Rf4 Bb7 50.Rc4+ Kb8
51.Rf4 Ba6 52.Rh4 Kc7 53.Nb5+ Bxb5  1/2-1/2

[Event "Sarospatak op"]
[Site "Sarospatak"]
[Date "1995.??.??"]
[Round "?"]
[White "Kotan, Ladislav"]
[Black "Racz, Zoltan"]
[Result "0-1"]
[WhiteElo "2350"]
[BlackElo "2250"]

1.e4 c5 2.Nf3 Nc6 3.Bb5 g6 4.Bxc6 bxc6 5.O-O Bg7 6.c3 d6 7.h3 Nf6 8.Re1 O-O
9.d4 cxd4 10.cxd4 Qc7 11.Nc3 c5 12.e5 dxe5 13.dxe5 Rd8 14.Qe2 Nd5 15.Nxd5 Rxd5
16.Bf4 Bb7 17.Bg3 e6 18.Rac1 Qc6 19.Qc4 Rc8 20.b3 h6 21.h4 Bf8 22.Qf4 Rd3
23.Re3 Rcd8 24.Rxd3 Rxd3 25.b4 Qd5 26.Kh2 Rd4 27.Qe3 Rxb4 28.Rc2 Qe4 29.Qc1 Bd5
30.Qd1 Rd4 31.Rd2 Rxd2 32.Qxd2  0-1

[Event "Siauliai"]
[Site "Siauliai"]
[Date "1995.??.??"]
[Round "3"]
[White "Zapolskis, Antanas"]
[Black "Veja, Ginta"]
[Result "1-0"]
[WhiteElo "2385"]
[BlackElo "2070"]

1.e4 c5 2.Nf3 Nc6 3.Bb5 e6 4.O-O Nge7 5.c3 a6 6.Ba4 b5 7.Bc2 Bb7 8.d4 cxd4
9.Nxd4 d5 10.Nxc6 Bxc6 11.e5 Ng6 12.Qd4 Qc7 13.f4 Qa7 14.Qxa7 Rxa7 15.Be3 Rb7
16.b4 Be7 17.Nd2 f6 18.Nf3 Bd7 19.g3 Rc7 20.Bd4 f5 21.Ne1 O-O 22.a4 a5 23.bxa5 b4
24.a6 bxc3 25.Bd3 Bc5 26.Nc2 Ra8 27.Rfb1 Bc8 28.Bxc5 Rxc5 29.Rb6 Nf8 30.Bb5 Kf7
31.Kf2 Nd7 32.Rd6 Nb8 33.Nb4 Rc7 34.Rc1 h6 35.Ke3 g5 36.Kd4 Rca7 37.Rxc3 Bxa6
38.Bc6 Nxc6+ 39.Nxc6 Bc4 40.Nxa7 Rxa7 41.Ra3  1-0

[Event "Siauliai"]
[Site "Siauliai"]
[Date "1995.??.??"]
[Round "11"]
[White "Sarakauskas, Gediminas"]
[Black "Veja, Ginta"]
[Result "0-1"]
[WhiteElo "2175"]
[BlackElo "2070"]

1.e4 c5 2.Nf3 Nc6 3.Bb5 e6 4.O-O Nge7 5.c3 a6 6.Ba4 b5 7.Bc2 Bb7 8.d4 cxd4
9.Nxd4 d6 10.f4 Qc7 11.Be3 Rc8 12.Nf3 Na5 13.Nbd2 d5 14.e5 Nc4 15.Nxc4 dxc4
16.Ng5 Nd5 17.Bd4 g6 18.Ne4 Rg8 19.Qe2 Be7 20.a4 b4 21.a5 b3 22.Bb1 Qc6 23.Nd2 Qb5
24.Be4 Bd8 25.Ra3 Be7 26.Raa1 Bd8 27.g3 Kf8 28.Bg2 Bxa5 29.Nxb3 Bb6 30.Bxb6 Qxb3
31.Bd4 Ne7 32.Ra3 Bxg2 33.Qxg2 Qb5 34.Rfa1 Rc6 35.Ra5 Qb7 36.Rxa6 Qxa6 37.Rxa6 Rxa6
38.Qb7 Ra1+ 39.Kg2 Nf5 40.Qc8+ Kg7 41.Qxc4 Nxd4 42.Qxd4 Ra2 43.Qb4 Rd8 44.c4 Rd1
45.Kh3 Rb1 46.b3 Rbb2 47.Kg4 Rxh2 48.Qe7 Rad2 49.c5 Rd3 50.Qf6+ Kg8 51.c6 Rg2
52.Kh3 Rgxg3+ 53.Kh2 Rge3 54.Kg1 Re2 55.Kf1 Rc2 56.Ke1 Rxc6 57.Qe7 Rc8 58.b4 Rd5
59.Ke2 h5 60.Kf3 Rc3+ 61.Ke4 Rcd3 62.Qa7 h4 63.f5 gxf5+ 64.Kf4 R5d4+ 65.Kg5 Kg7
66.Qe7 Rg3+ 67.Kh5 Rg6  0-1

[Event "Sitges op"]
[Site "Sitges"]
[Date "1995.??.??"]
[Round "7"]
[White "Ruiz Diez, Julio Cesar"]
[Black "Oberst, Thomas"]
[Result "1/2-1/2"]
[WhiteElo "2170"]
[BlackElo "2295"]

1.e4 c5 2.Nf3 Nc6 3.Bb5 Na5 4.c3 a6 5.Bd3 g6 6.O-O Bg7 7.b3 Nf6 8.Bb2 d5
9.exd5 Nxd5 10.Bc2 Nc6 11.h3 O-O 12.d4 cxd4 13.cxd4 b6 14.Nc3 Bb7 15.Re1 Nf6
16.Ne4 Nb4 17.Nxf6+ Bxf6 18.Be4 Bxe4 19.Rxe4 Rc8 20.Re2 Qd7 21.Rd2 Qb7 22.a3 Nd5
23.Rc1 Rxc1 24.Bxc1 Nc3 25.Qe1 Qd5 26.Rd3 Nb5 27.Bb2 Rd8 28.a4 Na7 29.Re3 Nc6
30.Ne5 Na5 31.Qb4 Qd6 32.Qc3 Qb8 33.Qe1 Rd5 34.Ng4 Bg5 35.Rxe7 Bxe7 36.Qxe7 Qd8
37.Nf6+ Kg7 38.Nxd5 Qxd5 39.Qe2 b5 40.axb5 axb5 41.b4 Nc4 42.Bc3 Kf8 43.Qg4 h5
44.Qc8+ Ke7 45.Qc5+ Ke6  1/2-1/2

[Event "Sitges op"]
[Site "Sitges"]
[Date "1995.??.??"]
[Round "8"]
[White "Benet Catala, Antonio"]
[Black "Gutierrez, Juan Carlos"]
[Result "0-1"]
[WhiteElo "2235"]
[BlackElo "2285"]

1.e4 c5 2.Nf3 Nc6 3.Bb5 g6 4.O-O Bg7 5.c3 e5 6.d3 Nge7 7.Be3 d6 8.d4 cxd4
9.cxd4 O-O 10.d5 Nb8 11.Na3 Nd7 12.Nc4 Nf6 13.Qa4 Bg4 14.Ncd2 a6 15.Bd3 Ne8
16.Ne1 b5 17.Qa3 f5 18.f3 f4 19.Bf2 Bd7 20.b4 g5 21.Nb3 Ng6 22.Na5 h5 23.Nc6 Qf6
24.Bxb5 g4 25.Be2 Qg5 26.fxg4 hxg4 27.b5 f3 28.Bxf3 gxf3 29.Nxf3 Qg4 30.b6 Nf6
31.Qxd6 Nxe4 32.Qxg6 Qxg6 33.Ne7+ Kh7 34.Nxg6 Kxg6 35.Be3 Bf6 36.Rfc1 Rab8
37.Rc7 Rf7 38.Rac1 Nd6 39.h3 Nf5 40.Re1 Nd4 41.Bxd4 exd4 42.Rb1 Bf5 43.Rb4  0-1

[Event "Skei"]
[Site "Skei"]
[Date "1995.??.??"]
[Round "8"]
[White "Westerinen, Heikki MJ"]
[Black "Bern, Ivar"]
[Result "1/2-1/2"]
[WhiteElo "2405"]
[BlackElo "2360"]

1.e4 c5 2.Nf3 Nc6 3.Bb5 Nf6 4.e5 Nd5 5.O-O g6 6.Nc3 Nc7 7.Bxc6 dxc6 8.Ne4 Qd5
9.d3 b6 10.Re1 Bg4 11.h3 Bxf3 12.Qxf3 Ne6 13.c4 Qd7 14.Ng5 Nxg5 15.Bxg5 Bg7
16.Bf6 O-O 17.Bxg7 Kxg7 18.Re3 Qe6 19.Rae1 Rad8 20.Re4 Rd7 21.Rf4 a5 22.Ree4 Rfd8
23.Rxf7+ Qxf7 24.Qxf7+ Kxf7 25.e6+ Kf6 26.exd7 Rxd7 27.Re3 e5 28.Kf1 b5 29.Ke2 Rb7
30.b3 a4 31.Kf3 axb3 32.axb3 Ra7 33.Ke4 Ke6 34.Rf3 Ra2 35.Rf8 Re2+ 36.Kf3 Rb2
37.Re8+ Kd6 38.Rd8+ Ke6 39.Re8+ Kd6 40.Rd8+ Ke6  1/2-1/2

[Event "SLO-chT"]
[Site "?"]
[Date "1995.??.??"]
[Round "5"]
[White "Grosar, Kiti"]
[Black "Mihevc, Narcisa"]
[Result "1-0"]
[WhiteElo "2225"]
[BlackElo "2220"]

1.e4 c5 2.Nf3 Nc6 3.Bb5 d6 4.O-O Bd7 5.Re1 e5 6.c3 g5 7.d3 g4 8.Nfd2 h5 9.Nf1 Bh6
10.Bxh6 Nxh6 11.Na3 O-O 12.Nc4 a6 13.Bxc6 Bxc6 14.Ng3 b5 15.Ne3 Qg5 16.Ngf5 Nxf5
17.Nxf5 Rad8 18.Re3 Bd7 19.Nxd6 Qg6 20.Nb7 Rc8 21.d4 cxd4 22.cxd4 exd4 23.Qxd4 Bc6
24.Nc5 Rfd8 25.Qe5 Ba8 26.b4 Rd2 27.h3 Rcd8 28.a3 Kh7 29.Rae1 Rd1 30.Rxd1 Rxd1+
31.Kh2 Rd2 32.Qf4 Qd6 33.e5 Qd5 34.Ne4 Qc6 35.Qxf7+ Kh6 36.Qf8+ Kg6 37.Qg8+ Kh6
38.hxg4 hxg4 39.Qg5+  1-0

[Event "SLO-chT"]
[Site "?"]
[Date "1995.??.??"]
[Round "5"]
[White "Sorli, Maja"]
[Black "Maric, Katarina"]
[Result "0-1"]
[WhiteElo "1890"]
[BlackElo "2015"]

1.e4 c5 2.Nf3 Nc6 3.Bb5 g6 4.O-O Bg7 5.c3 Nf6 6.Qe2 O-O 7.d4 cxd4 8.cxd4 a6
9.Bxc6 dxc6 10.Rd1 Bg4 11.h3 Bxf3 12.Qxf3 Qb6 13.b3 Rfd8 14.Bb2 e5 15.dxe5 Rxd1+
16.Qxd1 Nxe4 17.Qe2 Rd8 18.Kf1 Rd1+  0-1

[Event "SLO-chT"]
[Site "?"]
[Date "1995.??.??"]
[Round "7"]
[White "Ankerst, Mihael"]
[Black "Maric, Katarina"]
[Result "0-1"]
[WhiteElo "2095"]
[BlackElo "2015"]

1.e4 c5 2.Nf3 Nc6 3.Bb5 g6 4.O-O Bg7 5.Re1 Nf6 6.e5 Nd5 7.Nc3 Nc7 8.Bxc6 dxc6
9.Ne4 b6 10.Nf6+ Kf8 11.Ne4 Bg4 12.d3 Ne6 13.Ned2 Nd4 14.h3 Nxf3+ 15.Nxf3 Bxf3
16.Qxf3 Qd5 17.Re4 Bxe5 18.Bg5 Bd6 19.Rae1 Qxg5 20.h4 Qf5 21.Qe3 h5 22.Qd2 Kg7
23.R1e3 Qd7 24.Rf3 f5 25.Qc3+ Kh7 26.Re1 Rae8 27.g3 e5 28.Rfe3 Rhf8 29.Kg2 f4
30.Re4 fxg3 31.fxg3 Rf5 32.Qd2 Ref8 33.b3 Qf7 34.R1e2 Rf1 35.R4e3 Ra1 36.Re1 Rxe1
37.Qxe1 Qf5 38.Qe2 Kg7 39.Re4 Bb8 40.a4 Rd8 41.Qe1 Rd4 42.Qe2 Rxe4 43.dxe4 Qd7
44.Kh2 b5 45.a5 Bc7 46.Qe1 Qd8 47.a6 Ba5 48.c3 Qd3 49.b4 Bb6 50.Qc1 c4 51.Qg5  0-1

[Event "St Affrique op"]
[Site "St Affrique"]
[Date "1995.??.??"]
[Round "4"]
[White "Boudre, Jean Pierre"]
[Black "Lanka, Zigurds"]
[Result "0-1"]
[WhiteElo "2380"]
[BlackElo "2480"]

1.e4 c5 2.Nf3 Nc6 3.Bb5 g6 4.c3 Nf6 5.Qe2 Bg7 6.O-O O-O 7.Rd1 e5 8.Bxc6 dxc6
9.d4 exd4 10.cxd4 cxd4 11.Nxd4 Qb6 12.Nc3 Re8 13.Be3 Ng4 14.Rd2 Nxe3 15.Qxe3 Bg4
16.f3 Rad8 17.Rad1 Bc8 18.Qf2 Bh6 19.Rd3 Qc7 20.g3 b6 21.f4 Bb7 22.Nf3 Bf8
23.Kg2 Bg7 24.Qd2 Rxd3 25.Qxd3 Bxc3 26.Qxc3 c5 27.e5 Rd8 28.Rxd8+ Qxd8 29.a3 Qd1
30.Qe3 Qc2+ 31.Qf2 Qe4 32.Qf1 h6 33.h4 b5 34.Qd1 Qe3 35.h5 g5 36.fxg5 hxg5
37.g4 Qxe5 38.Qd2 Qf6 39.Qe3 Bxf3+ 40.Qxf3 Qxb2+ 41.Kh3 b4 42.axb4 cxb4 43.Qd5 Qf6
44.Kg2 Kg7 45.Qb5 Qf4 46.Qe2 Qd4 47.Qf3 Qb2+ 48.Kh1 Qf6 49.Qd1 a5  0-1

[Event "Wch U12 Girls"]
[Site "St Lorenzo"]
[Date "1995.??.??"]
[Round "2"]
[White "Gara, Ticia"]
[Black "Cmilyte, Viktorija"]
[Result "0-1"]
[WhiteElo "2005"]
[BlackElo "2070"]

1.e4 c5 2.Nf3 Nc6 3.Bb5 g6 4.O-O Bg7 5.c3 Nf6 6.Re1 O-O 7.d4 cxd4 8.cxd4 d5
9.e5 Ne4 10.Nc3 Nxc3 11.bxc3 Qa5 12.a4 Bg4 13.h3 Qxc3 14.Ra3 Bxf3 15.Rxc3 Bxd1
16.Rxd1 Rfc8 17.Ba3 Rc7 18.Rdc1 Rac8 19.a5 Bh6 20.R1c2 a6 21.Bxc6 Rxc6 22.Rxc6 Rxc6
23.Rxc6 bxc6 24.Bxe7 Bd2 25.Bd8 Bb4 26.Bb6 Kf8 27.Kf1 Ke7 28.Ke2 Ke6 29.g4 h6
30.Ke3 h5 31.f3 Ba3 32.Kf4 f6 33.exf6 Bc1+ 34.Kg3 Kxf6 35.Bd8+ Ke6 36.gxh5 gxh5
37.Kh4 c5 38.dxc5 d4 39.Kg3 Be3 40.Kg2 d3 41.Kf1 Bxc5 42.Bc7 Kd5 43.Ke1 Bb4+
44.Kd1 Kd4 45.f4 Ke4 46.Kc1 Bc5 47.Kd1 Be3 48.Bb6 Bxf4 49.Bc5 Kf3 50.h4 Kg4
51.Be7 Bc7 52.Kd2 Bxa5+ 53.Kxd3 Be1 54.Ke2 Bxh4 55.Bc5 a5 56.Bb6 a4 57.Bc5 Bg3
58.Kf1 Kf3 59.Kg1 h4 60.Kf1 h3 61.Kg1 Bf2+  0-1

[Event "Chigorin mem"]
[Site "St Petersburg"]
[Date "1995.??.??"]
[Round "1"]
[White "Nikitin, Andrey"]
[Black "Lugovoi, Aleksei"]
[Result "1/2-1/2"]
[WhiteElo "2290"]
[BlackElo "2490"]

1.e4 c5 2.Nf3 Nc6 3.Bb5 d6 4.O-O Bd7 5.c3 a6 6.Ba4 Nf6 7.Re1 Ne5 8.Bxd7+ Nexd7
9.d4 e6 10.e5 dxe5 11.dxe5 Nd5 12.c4 Nb4 13.a3 Nc6 14.Nc3 Be7 15.Bf4 g5 16.Bg3 h5
17.h3 Qb6 18.Nd5 exd5 19.cxd5 Nd8 20.d6 Bf8 21.Nxg5 Ne6 22.Bh4 Bg7 23.Qf3 O-O
24.Qf5 Nxg5 25.Bxg5 f6 26.exf6 Nxf6 27.Rad1 Rad8 28.d7 Qxb2 29.Qxc5 Rxd7
30.Bxf6 Rxd1 31.Qc4+ Rf7 32.Qc8+ Bf8 33.Bxb2 Rxe1+ 34.Kh2 Rxf2 35.Qc4+ Rf7
36.Qd5 Re2 37.Qg5+ Bg7 38.Qd8+ Rf8 39.Qd5+ Rf7 40.Bxg7 Kxg7 41.Qg5+ Kf8 42.Qxh5 Rfe7
43.Qf5+ Kg8 44.Qg4+ Kh7 45.h4 b5 46.h5 R7e6 47.Kh3 Kh6 48.Qg8  1/2-1/2

[Event "Chigorin mem"]
[Site "St Petersburg"]
[Date "1995.??.??"]
[Round "4"]
[White "Cherniaev, Alexander"]
[Black "Shchukin, Dmitry"]
[Result "1-0"]
[WhiteElo "2450"]
[BlackElo "2275"]

1.e4 c5 2.Nf3 Nc6 3.Bb5 d6 4.O-O Bd7 5.Re1 Nf6 6.c3 a6 7.Bxc6 Bxc6 8.d4 Bxe4
9.Bg5 Bxb1 10.Rxb1 e6 11.Bxf6 gxf6 12.d5 Qd7 13.Nh4 O-O-O 14.b4 f5 15.Qb3 Be7
16.bxc5 dxc5 17.dxe6 fxe6 18.Nf3 Bd6 19.Rxe6 Qc7 20.c4 Rhe8 21.Rf6 Rf8 22.Rh6 Rg8
23.Rh5 Rdf8 24.Qd3 Qf7 25.Qxd6 Qxh5 26.Ne5 Qe8 27.Qxc5+ Kb8 28.Nc6+ Kc7 29.Na5+ Kd7
30.Rd1+ Ke6 31.Re1+ Kf6 32.Qd6+ Kg7 33.Rxe8 Rxe8 34.g3  1-0

[Event "Furman mem"]
[Site "St Petersburg"]
[Date "1995.??.??"]
[Round "5"]
[White "Zaitsev, Igor A"]
[Black "Osnos, Viatcheslav"]
[Result "1/2-1/2"]
[WhiteElo "2470"]
[BlackElo "2430"]

1.e4 c5 2.Nf3 Nc6 3.Bb5 d6 4.O-O Bg4 5.b4 cxb4 6.a3 Nf6 7.axb4 Nxe4 8.c4 a6
9.Bxc6+ bxc6 10.h3 Bd7 11.Qc2 Nf6 12.Bb2 e6 13.c5 Be7 14.Bd4 O-O 15.Nc3 Nd5
16.Ne4 Nxb4 17.Qb2 Nd3 18.Qa3 Nxc5 19.Nxc5 dxc5 20.Bxc5 Bxc5 21.Qxc5 f6 22.Rfb1 e5
23.d4 exd4  1/2-1/2

[Event "Chigorin mem"]
[Site "St Petersburg"]
[Date "1995.??.??"]
[Round "6"]
[White "Ivanov, VI."]
[Black "Popov, Valerij"]
[Result "1-0"]
[WhiteElo "2450"]
[BlackElo "2455"]

1.e4 c5 2.Nf3 Nc6 3.Bb5 g6 4.O-O Bg7 5.c3 Nf6 6.Re1 O-O 7.h3 e5 8.Na3 d6
9.d4 cxd4 10.cxd4 Nxd4 11.Nxd4 exd4 12.Qxd4 a6 13.Bf1 Re8 14.Bg5 h6 15.Bxf6 Bxf6
16.Qb4 b5 17.Rad1 Be5 18.Nb1 h5 19.Qd2 Qf6 20.Nc3 Be6 21.Nd5 Bxd5 22.Qxd5 h4
23.Qd2 Re6 24.a4 bxa4 25.Bc4 Re7 26.Re3 Qf4 27.g3 hxg3 28.fxg3 Qh6 29.Rf3 Qxh3
30.Qg5 Qh5 31.Qxh5 gxh5 32.Ra1 Bxb2 33.Rxa4 a5 34.Rf5 Bc3 35.Rxh5 Rb8 36.Kg2 Kg7
37.Kf3 Rbe8 38.Rh4 Bb4 39.Bd5  1-0

[Event "St Petersburg-ch"]
[Site "St Petersburg"]
[Date "1995.??.??"]
[Round "6"]
[White "Gubanov, Anton"]
[Black "Svidler, Peter"]
[Result "0-1"]
[WhiteElo "2420"]
[BlackElo "2585"]

1.e4 c5 2.Nf3 Nc6 3.Bb5 g6 4.O-O Bg7 5.c3 Nf6 6.Re1 O-O 7.d4 d5 8.exd5 Qxd5
9.c4 Qd6 10.d5 Nd4 11.Nxd4 cxd4 12.h3 a6 13.Ba4 b5 14.cxb5 axb5 15.Bxb5 Qxd5
16.Be2 e5 17.Bg5 Rxa2 18.Bf3 e4 19.Rxa2 Qxg5 20.Bxe4 Nxe4 21.Rxe4 Bxh3 22.g3 Qd5
23.Nc3 Qb7 24.f3 dxc3 25.bxc3 Bf5 26.Re3 Qb6 27.Qe1 Bxc3  0-1

[Event "Chigorin mem"]
[Site "St Petersburg"]
[Date "1995.??.??"]
[Round "7"]
[White "Nikitin, Andrey"]
[Black "Karasev, Vladimir I"]
[Result "1-0"]
[WhiteElo "2290"]
[BlackElo "2385"]

1.e4 c5 2.Nf3 Nc6 3.Bb5 e6 4.O-O Nge7 5.Nc3 e5 6.Nd5 d6 7.c3 a6 8.Ba4 b5
9.Bc2 Bg4 10.Ne3 Bh5 11.g4 Bg6 12.d4 h5 13.g5 cxd4 14.cxd4 h4 15.d5 Nb4 16.Bb1 Bh5
17.a3 Qc8 18.Kg2 h3+ 19.Kg1 Ng6 20.Nf5 Nc2 21.Bxc2 Bxf3 22.Qxf3 Qxc2 23.Be3 Nh4
24.Qg4 Nxf5 25.exf5 Be7 26.Rac1 Qb3 27.Rfd1 Bd8 28.f6 gxf6 29.gxf6 Bxf6 30.Rc7 Kf8
31.Kh1 Bd8 32.Rb7 Rc8 33.Qf3 Rc7 34.Rxc7 Bxc7 35.Bh6+  1-0

[Event "St Petersburg-ch"]
[Site "St Petersburg"]
[Date "1995.??.??"]
[Round "10"]
[White "Gubanov, Anton"]
[Black "Lugovoi, Aleksei"]
[Result "0-1"]
[WhiteElo "2420"]
[BlackElo "2485"]

1.e4 c5 2.Nf3 Nc6 3.Bb5 e6 4.Nc3 Nge7 5.O-O a6 6.Bxc6 Nxc6 7.d4 cxd4 8.Nxd4 d6
9.Be3 Be7 10.Nxc6 bxc6 11.Na4 Rb8 12.c4 O-O 13.Qd3 Qa5 14.b3 Rd8 15.Bd4 c5
16.Bc3 Qc7 17.Qg3 f6 18.Bd2 Rf8 19.Be3 f5 20.Rad1 Rf7 21.exf5 Rxf5 22.Bf4 e5
23.Bh6 Bf8 24.Nc3 Kh8 25.Bc1 Bb7 26.Nd5 Qa5 27.Qg4 Rf7 28.Qe6 Kg8 29.f4 e4
30.Rf2 Bxd5 31.cxd5 c4 32.bxc4 Qa4 33.Rd4 Rb1 34.Rf1 Qxa2 35.Rxe4 Qc2 36.Be3 Rb2
37.Rf2 Rb1+ 38.Rf1 a5 39.Rd4 a4 40.Qe4 Rxf1+ 41.Kxf1 Qxe4 42.Rxe4 a3 43.Bd4 a2
44.c5 dxc5 45.Bc3 Ra7 46.Re1 Rb7 47.d6 Bxd6 48.Re8+ Kf7 49.Ra8 Rb1+ 50.Ke2 Rg1
51.Ra7+ Be7 52.Kf3 Rc1 53.Be5 Rc2 54.Bxg7 Kxg7 55.Rxe7+ Kf6 56.Ra7 c4 57.Ra6+ Ke7
58.Ke4 Rd2 59.f5 c3 60.f6+ Kf7 61.Ke5 c2 62.Ra7+ Kg6 63.f7 Rd8  0-1